Регионална библиотека "Любен Каравелов" - Русе

Имена от вековете (Запис номер 119259)

MARC детайли
000 -Лидер
Контролно поле с фиксирана дължина 02113nam a2200433 a 4500
003 - Код на организацията, давaща контролен номер
Контролно поле BLK
005 - Дата и час на последна редакция
Контролно поле 20240226114511.0
008 - Елементи от данни с фиксирана дължина
fixed length control field 180409b bul|||||r ||||||| ||bul||
010 ## - Наследен системен номер
LC control number KNG00124874000
040 ## - Източник на каталожния запис
Идентификатор на билиотеката - собственик на записа BLK
041 ## - Код за език
Код за езика на текст/звукозапис или на отделно заглавие Български
Код за езика КДБФ Български
080 ## - УДК
Текстов определител УДК Опера, музикална драма - изпълнители
УДК код - определител по УДК 782.1.071.2
УДК определител (092)
УДК - код + определител 782.1.071.2)(092)
080 ## - УДК
Текстов определител УДК Театър. Сценично изкуство. Вж 725.82; 782; 82-2
УДК код - определител по УДК 792
УДК определител .071.2(092)
УДК - код + определител 792.071.2(092)
080 ## - УДК
Текстов определител УДК Биографии
УДК код - определител по УДК 929
УДК определител (100)
УДК - код + определител 929(100)
139 ## - Редно поле
Редна дума Имена от вековете
Авторски знак Им - И 59
245 10 - Сведения за заглавието
Заглавие Имена от вековете
Подзаглавни данни Сб. статии : В 12 кн. За том: Образи на велики артисти
Редно поле (дума) състав. на том Кръстю Мирски; състав. на том Гочо Гочев; ил. на том Георги Недялков.
Том Кн. 11
Заглавие на том Стоте маски на времето
257 ## - Страна на издаване
Страна на създаване/издаване България
260 ## - Област на издателските данни
Име на издателя, разпространителя и проч. Нар. младеж
Година на издаване 1959 -
Място на издаване, разпространение и проч. София
300 ## - Физическа характеристика
Размери/Мащаб 20 см
380 ## - Жанр
Жанр Изкуство
650 #4 - Допълнително описание по предмет – тема
Основно описание – тема или топоним Опера - изпълнители
9 (RLIN) 275448
650 #4 - Допълнително описание по предмет – тема
Основно описание – тема или топоним Театър
9 (RLIN) 173254
650 #4 - Допълнително описание по предмет – тема
Основно описание – тема или топоним Изпълнителско изкуство
9 (RLIN) 267714
653 ## - Ключова дума – ненормативна
Ключова дума оперни изпълнители
653 ## - Ключова дума – ненормативна
Ключова дума театър
653 ## - Ключова дума – ненормативна
Ключова дума актьори
653 ## - Ключова дума – ненормативна
Ключова дума изпълнителско изкуство
700 1# - Други автори (авторска отговорност)
Лично име Мирски, Кръстю
Автороска отговорност (Описва отношението между автора и произведението) състав. на том
9 (RLIN) 375842
700 1# - Други автори (авторска отговорност)
Лично име Гочев, Гочо
Автороска отговорност (Описва отношението между автора и произведението) състав. на том
9 (RLIN) 371221
700 1# - Други автори (авторска отговорност)
Лично име Недялков, Георги
Автороска отговорност (Описва отношението между автора и произведението) ил. на том
9 (RLIN) 374815
760 1# - Описание на основната серия
Място на издаване, издател и година 1967
Страници - том 696 с. : с портр., ил.
Забележка - том Библиогр. под линия.
Заглавие Кн. 11 Стоте маски на времето
852 ## - Местоположение
Форматна сигнатура Цб 15217
999 ## - СИСТЕМНИ КОНТРОЛНИ НОМЕРА
Koha biblionumber 119259
Koha biblioitemnumber 119259
942 ## - АРТИКУЛИ
Вид на библиотечния материал Книги
Скрит в OPAC Не
Периодичен библиозапис Да
Koha issues (borrowed), all copies 1
944 ## - СЪЗДАВАНЕ И РЕДАКЦИЯ на ЗАПИСА
Създаване/Редакция Създаване
Дата на регистрацията/редакция 17.08.2011
Статус, дата на статуса Русанова Ирена
Служител, извършил регистрацията/редакцията 30542
944 ## - СЪЗДАВАНЕ И РЕДАКЦИЯ на ЗАПИСА
Създаване/Редакция Редакция
Дата на регистрацията/редакция 04.01.2018
Статус, дата на статуса 17.08.2011 - от С1,Р / 17.08.2011
Служител, извършил регистрацията/редакцията Ирена_Линкова
944 ## - СЪЗДАВАНЕ И РЕДАКЦИЯ на ЗАПИСА
Създаване/Редакция Редакция
Дата на регистрацията/редакция 2021-11-19
Статус, дата на статуса 2021-11-19
Служител, извършил регистрацията/редакцията ВК
999 ## - СИСТЕМНИ КОНТРОЛНИ НОМЕРА
Koha biblioitemnumber 119259
999 ## - СИСТЕМНИ КОНТРОЛНИ НОМЕРА
Koha biblioitemnumber 119259
Наличности
Код за отписване Код за изгубен артикул Източник на класификационната схема Код за повреда Коз за рестрикции Код за отдаване Артикулен № Име на библиотеката - собственик Име на библиотеката, в която се намира в момента Статус (Текущо местоположение) Дата на вписване в системата Местоположение - отдел Цена в лева Инвентарен номер Систематично азбучна сигнатура Баркод Номер на екземпляра Цена в евро Служебна бележка Служебен тип на артикула
  Не е изгубен Universal Decimal Classification Не е повреден без рестрикции заемане за дома 192430 Регионална библиотека "Любен Каравелов" Русе Регионална библиотека "Любен Каравелов" Русе Отдел Изкуство - подръчен фонд 1967-01-01 Отдел Изкуство - подръчен фонд 2.30 14605/67 782.1(092)/И 59 900000076836 1 1.18 Дост: Pk Вид: Ф N: стар фонд Дата: 01.01.1967 Дата инв: 20.06.2012 Бележки инв: * Книги
Изтеглен Не е изгубен Universal Decimal Classification Не е повреден без рестрикции заемане за дома 192431 Регионална библиотека "Любен Каравелов" Русе Регионална библиотека "Любен Каравелов" Русе Отчислена 1967-01-01 Отдел Изкуство - подръчен фонд 0.00 14601/67 ИП 792(092)/И 59 14601/67 2 0.00 Дост: Pk Вид: Ф N: стар фонд Дата: 01.01.1967 Книги
Изтеглен Не е изгубен Universal Decimal Classification Не е повреден без рестрикции заемане за дома 192432 Регионална библиотека "Любен Каравелов" Русе Регионална библиотека "Любен Каравелов" Русе Отчислена 1967-01-01 Отдел Изкуство - подръчен фонд 0.00 14606/67 ИП 792(092)/И 59 14606/67 3 0.00 Дост: Pk Вид: Ф N: стар фонд Дата: 01.01.1967 Книги
  Не е изгубен Universal Decimal Classification Не е повреден само за читалня ползва се в читалня 192433 Регионална библиотека "Любен Каравелов" Русе Регионална библиотека "Любен Каравелов" Русе Хранилище 1967-01-01 Хранилище 2.30 14089/67 Цб 15217 900000084026 4 1.18 Дост: Dp Вид: Д N: стар фонд Дата: 01.01.1967 Книги
Изтеглен Не е изгубен Universal Decimal Classification Не е повреден без рестрикции заемане за дома 192434 Регионална библиотека "Любен Каравелов" Русе Регионална библиотека "Любен Каравелов" Русе Отчислена 1967-01-01 Отдел Изкуство - подръчен фонд 0.00 14320/67 ИП 792(092)/И 59 14320/67 5 0.00 Вид: Ф N: сф Дата: 01.01.1967 Дата инв: 19.07.2017 Книги
Vip Innovations Ltd, Rousse, Bulgaria 2025